000 00836nam a2200253Ia 4500
003 OSt
005 20220923214658.0
006 a|||||r|||| 00| 0
007 ta
008 220922b |||||||| |||| 00| 0 hin d
024 _a171,588
037 _cTextual
040 _aARTS
_cARTS
_bhin
041 _2hin
_ahin
082 _aO152,3N24x, L0;L5
100 _aपरसाई, हरि शंकर
245 0 _aठिठुरता हुआ गणतंत्र
246 _aṬhiṭhuratā huā gaṇatantra
250 _aसंस्क0 2
260 _aदिल्ली
_b नेशनल पब्लि0 हा0
_c1975
650 _aहिन्दी साहित्य
_9156264
942 _hO152,3N24x, L0;L5
_cTEXL
_2CC
999 _c325740
_d325740